Most Retired NBA Jersey Numbers - Statistics

General Stats
  • This quiz has been taken 1,210 times
  • The average score is 7 of 13
Answer Stats
Times Retired Jersey # % Correct
7 2
99%
9 1
96%
35 6
85%
7 4
80%
9 10
67%
8 13
42%
8 24
36%
9 15
35%
9 33
34%
7 34
33%
12 32
32%
7 22
15%
7 44
6%
No matching quizzes found
Score Distribution
Percent of People with Each Score
Percentile by Number Answered
Your Score History
You have not taken this quiz